• 首页
  • 本馆介绍
  • 公告通知
  • 最新文献
  • 馆藏检索
  • 电子资源
  • 读者导购
  • 参考咨询
  • 我的图书馆
  • 登录
  • 详细信息显示
  • 放入我的书架
  • 预约/预借图书
  • 作者相关作品
  • 分类相关作品
  • 丛书相关作品
  • 出版社相关作品

书目信息

  • 表格格式
  • 工作单格式
  • 卡片格式
题名:
定性分析化学
    
 
作者: 林树昌 编
分册:  
出版信息: 北京   北京师范大学出版社  1984
页数: 278页
开本: 19cm
丛书名:
单 册:
中图分类: O654
科图分类:
主题词: 定性分析-分析化学 , 分析化学-定性分析
电子资源:
ISBN:
000 00700nam0 2200241 45
001 0184002178
005 20060412151331.78
010    @dCNY1.95
091    @b13243.60
100    @a19950512d1984 em y0chiy0121 ea
101 0  @achi
102    @aCN@b110000
105    @ay z 000yy
200 10 @a定性分析化学@Ading xing fen xi hua xue@f林树昌等编@Flin shu chang deng bian
210    @a北京@c北京师范大学出版社@d1984
215    @a278页@d19cm
606    @a定性分析-分析化学
606    @a分析化学-定性分析
690    @aO654@v3
701  0 @a林树昌@Alin shu chang@4编
801  2 @aCN@bNLC@c20060412
801  0 @aCN@b上海图书馆@c20040519
905    @f2@b139176-177@dO654@e14@b139179@f1@f2@b141236-237
    
    定性分析化学/林树昌等编.-北京:北京师范大学出版社,1984
    278页;19cm
    
    
    ISBN :CNY1.95
    
●
相关链接 在E读中查询图书 在五车中查询图书 在当当中查询图书 在豆瓣中查询图书


正题名:定性分析化学     索取号:O654/14         预约/预借

序号 登录号 条形码 馆藏地/架位号 状态 备注
1 0139176   000630874   第三借阅区/ [索取号:O654/14] 在馆    
2 0139177   000632630   密集书库/ [索取号:O654/14] 在馆    
3 0139178   000698392   密集书库/ [索取号:O654/14] 在馆    
4 0139179   000632658   第三借阅区/ [索取号:O654/14] 在馆    
5 0139180   202096560   第二样本阅览室/ [索取号:O654/14] 在馆    
6 0141236   000630883   第三借阅区/ [索取号:O654/14] 在馆    
7 0141237   000632649   密集书库/ [索取号:O654/14] 在馆    
唐山师范学院图书馆 欢迎您!
大连网信软件有限公司© 版权所有